[Event "Vaujany op 14th"]
[Site "Vaujany"]
[Date "2023.07.16"]
[Round "4"]
[White "Milanovic, Dino"]
[Black "Estremera Panos, Sergio"]
[Result "0-1"]
[WhiteElo "2075"]
[BlackElo "2275"]
[PlyCount "72"]
[EventDate "2023.07.13"]
[EventType "swiss"]
[EventRounds "9"]
[EventCountry "FRA"]
[SourceTitle "CBM 215 Extra"]
[Source "ChessBase"]
[SourceDate "2023.09.30"]
[SourceVersion "1"]
[SourceVersionDate "2023.09.30"]
[SourceQuality "1"]

1. e4 e5 2. Nf3 Nc6 3. Bb5 a6 4. Ba4 Nf6 5. 0-0 Bc5 6. c3 0-0 7. d4 Ba7 8. Bg5 h6 9. Bh4 exd4 10. e5 g5 11. Bxc6 dxc6 12. Nxg5 dxc3 13. Qxd8 Rxd8 14. Nxc3 Nd5 15. Nge4 Nxc3 16. bxc3 Rd3 17. Rfd1 Rxd1+ 18. Rxd1 Be6 19. a3 f5 20. Nf6+ Kf7 21. a4 a5 22. Bg3 b5 23. Bf4 b4 24. Bxh6 Rb8 25. Bc1 bxc3 26. Nh7 Bc4 27. Ng5+ Kg6 28. h4 Rb1 29. Nh3 c2 30. Re1 Bc5 31. Nf4+ Kh7 32. e6 Bb4 33. e7 Bf7 34. Rf1 Bxe7 35. Nh3 Bc4 36. Re1 Bb4 0-1

[Event "Vaujany op 14th"]
[Site "Vaujany"]
[Date "2023.07.14"]
[Round "2"]
[White "Milanovic, Dino"]
[Black "Neelotpal, Das"]
[Result "0-1"]
[WhiteElo "2075"]
[BlackElo "2362"]
[PlyCount "56"]
[EventDate "2023.07.13"]
[EventType "swiss"]
[EventRounds "9"]
[EventCountry "FRA"]
[SourceTitle "CBM 215 Extra"]
[Source "ChessBase"]
[SourceDate "2023.09.30"]
[SourceVersion "1"]
[SourceVersionDate "2023.09.30"]
[SourceQuality "1"]

1. e4 e5 2. Nf3 Nc6 3. Bb5 a6 4. Ba4 Nf6 5. 0-0 Be7 6. Re1 b5 7. Bb3 0-0 8. h3 Bb7 9. d3 d5 10. exd5 Nxd5 11. Nxe5 Nxe5 12. Rxe5 Qd6 13. Re1 c5 14. Nd2 Rae8 15. a4 Nb6 16. axb5 axb5 17. Qg4 Bd8 18. Ne4 Qc6 19. Bd2 c4 20. Bc3 g6 21. dxc4 bxc4 22. Bxc4 Nxc4 23. Nf6+ Bxf6 24. Bxf6 Qxf6 25. Qxc4 Qxb2 26. Reb1 Qf6 27. Ra7 Bc8 28. Rba1 Be6 0-1

[Event "Rochefort op 21st"]
[Site "Rochefort"]
[Date "2023.02.11"]
[Round "1"]
[White "Sasikiran, Krishnan"]
[Black "Milanovic, Dino"]
[Result "1-0"]
[WhiteElo "2619"]
[BlackElo "2093"]
[PlyCount "61"]
[EventDate "2023.02.11"]
[EventType "swiss"]
[EventRounds "9"]
[EventCountry "FRA"]
[SourceTitle "CBM 212 Extra"]
[Source "ChessBase"]
[SourceDate "2023.03.31"]
[SourceVersion "1"]
[SourceVersionDate "2023.03.31"]
[SourceQuality "1"]

1. d4 d5 2. c4 c6 3. Nf3 Nf6 4. Nc3 dxc4 5. a4 Bf5 6. Ne5 Nbd7 7. Nxc4 Nb6 8. Ne5 a5 9. g3 e6 10. Bg2 Nfd7 11. e4 Bg6 12. Nxg6 hxg6 13. e5 Nd5 14. 0-0 Nb4 15. Qe2 Nb6 16. Rd1 N6d5 17. Ne4 Qc7 18. Bg5 Qb6 19. h4 Rc8 20. Ra3 Rc7 21. Bh3 Qa6 22. Qd2 Rd7 23. Rf3 Nb6 24. b3 N4d5 25. Qc2 Nb4 26. Qb2 c5 27. Bf1 Qa7 28. Bb5 Nc6 29. Rfd3 Nxd4 30. Rxd4 cxd4 31. Qxd4 1-0

[Event "Syre Memorial op 34th"]
[Site "Issy les Moulineaux"]
[Date "2011.06.03"]
[Round "2"]
[White "Milanovic, Dino"]
[Black "Roser, Kevin"]
[Result "0-1"]
[WhiteElo "2141"]
[BlackElo "2436"]
[PlyCount "72"]
[EventDate "2011.06.03"]
[EventType "swiss"]
[EventRounds "6"]
[EventCountry "FRA"]
[SourceTitle "EXT 2012"]
[Source "ChessBase"]
[SourceDate "2011.11.24"]
[SourceVersion "1"]
[SourceVersionDate "2011.11.24"]
[SourceQuality "1"]

1. e4 c5 2. Nf3 Nc6 3. c3 Nf6 4. e5 Nd5 5. d4 cxd4 6. cxd4 d6 7. Bc4 e6 8. 0-0 Be7 9. a3 0-0 10. Qe2 Bd7 11. Rd1 Na5 12. Bxd5 exd5 13. Nc3 Be6 14. Bf4 Nb3 15. Rab1 Bf5 16. Nxd5 Bxb1 17. Rxb1 Na5 18. Re1 dxe5 19. Qxe5 Bf6 20. Nxf6+ Qxf6 21. Qxf6 gxf6 22. b4 Nc4 23. Re7 b5 24. Rb7 Nb6 25. Bd6 Rfd8 26. Bc5 Rd7 27. Rxd7 Nxd7 28. Nh4 a5 29. h3 Nxc5 30. dxc5 axb4 31. axb4 Ra4 32. Nf5 Rxb4 33. Kf1 Rc4 34. c6 Kf8 35. Nd6 Rc1+ 36. Ke2 b4 0-1

[Event "FRA-ch op-A"]
[Site "Chartres"]
[Date "2005.??.??"]
[Round "5"]
[White "Milanovic, Dino"]
[Black "Delorme, Laurie"]
[Result "1-0"]
[WhiteElo "2148"]
[BlackElo "2054"]
[PlyCount "82"]
[EventDate "2005.08.15"]
[EventType "swiss"]
[EventRounds "11"]
[EventCountry "FRA"]
[SourceTitle "EXT 2006"]
[Source "ChessBase"]
[SourceDate "2005.11.24"]
[SourceVersion "1"]
[SourceVersionDate "2005.11.24"]
[SourceQuality "1"]

1. e4 c5 2. Nf3 Nc6 3. Nc3 g6 4. d4 cxd4 5. Nxd4 Bg7 6. Be3 Nf6 7. Nxc6 bxc6 8. e5 Ng8 9. f4 f5 10. Bc4 Nh6 11. 0-0 e6 12. Bc5 Nf7 13. g3 Bf8 14. Qd4 Bxc5 15. Qxc5 g5 16. Rad1 Qe7 17. Qxe7+ Kxe7 18. Kf2 Rg8 19. Rg1 d5 20. exd6+ Nxd6 21. Be2 Rb8 22. b3 c5 23. Bf3 g4 24. Bg2 Bb7 25. Rge1 Bxg2 26. Kxg2 Rg6 27. Re5 Rc8 28. a4 Rc6 29. Rdd5 Nf7 30. Re2 Kf6 31. Rd7 a6 32. Red2 Rh6 33. Ra7 Nd6 34. Rd7 Nf7 35. a5 e5 36. Nd5+ Kg7 37. Ne7 Rcf6 38. fxe5 Nxe5 39. Nxf5+ Kg6 40. Nxh6 Nxd7 41. Nxg4 Rf7 1-0

[Event "FRA-chT2 0405"]
[Site "France"]
[Date "2004.12.05"]
[Round "4.6"]
[White "Mela, Jerome"]
[Black "Milanovic, Dino"]
[Result "0-1"]
[WhiteElo "2148"]
[BlackElo "2169"]
[PlyCount "136"]
[EventDate "2004.10.10"]
[EventType "team"]
[EventRounds "11"]
[EventCountry "FRA"]
[SourceTitle "EXT 2006"]
[Source "ChessBase"]
[SourceDate "2005.11.24"]
[SourceVersion "1"]
[SourceVersionDate "2005.11.24"]
[SourceQuality "1"]
[WhiteTeam "Issy les Moulineaux"]
[BlackTeam "Clichy  II"]
[WhiteTeamCountry "FRA"]
[BlackTeamCountry "FRA"]

1. e4 c5 2. Nf3 d6 3. d4 cxd4 4. Nxd4 Nf6 5. Nc3 a6 6. Bc4 e6 7. Bb3 Nbd7 8. Bg5 Nc5 9. f4 Be7 10. Qf3 Qc7 11. 0-0-0 b5 12. f5 0-0 13. Rhe1 b4 14. Na4 Nxb3+ 15. axb3 e5 16. Ne2 Bb7 17. Ng3 Rac8 18. Qd3 Rfd8 19. Be3 Qb8 20. Bb6 Re8 21. Kb1 d5 22. exd5 Nxd5 23. Qe2 Bf8 24. Bg1 Nf4 25. Qg4 Qc7 26. Rc1 Nxg2 27. Bb6 Qc6 28. Rg1 Qf3 29. Qxf3 Bxf3 30. Rcf1 e4 31. Rf2 Nf4 32. Nxe4 Bxe4 33. Rxf4 Bxc2+ 34. Ka2 Re5 35. f6 g6 36. h4 Rd5 37. Rf3 h5 38. Re1 Bf5 39. Rfe3 Be6 40. Re5 Rb5 41. Bf2 Bd6 42. Rg5 Rxg5 43. hxg5 Rc2 44. Be3 h4 45. Rd1 h3 46. Rxd6 h2 47. Rd8+ Kh7 48. Rd1 Bd5 49. Nc5 h1Q 50. Rxh1+ Bxh1 51. Nxa6 Re2 52. Bc1 Re4 53. Bd2 Re2 54. Bc1 Re1 55. Bd2 Rd1 56. Bxb4 Rd5 57. Bc5 Rxg5 58. b4 Rg3 59. Nc7 g5 60. b5 Rd3 61. b6 g4 62. b4 g3 63. Ne8 Bd5+ 64. Kb2 Ba8 65. Nd6 Rd5 66. Nxf7 g2 67. Ng5+ Rxg5 68. f7 Rf5 0-1

[Event "FRA-chT2 0405"]
[Site "France"]
[Date "2004.11.07"]
[Round "3.7"]
[White "Milanovic, Dino"]
[Black "Manet, Eric"]
[Result "1-0"]
[WhiteElo "2169"]
[BlackElo "2070"]
[PlyCount "53"]
[EventDate "2004.10.10"]
[EventType "team"]
[EventRounds "11"]
[EventCountry "FRA"]
[SourceTitle "EXT 2006"]
[Source "ChessBase"]
[SourceDate "2005.11.24"]
[SourceVersion "1"]
[SourceVersionDate "2005.11.24"]
[SourceQuality "1"]
[WhiteTeam "Clichy  II"]
[BlackTeam "Arras"]
[WhiteTeamCountry "FRA"]
[BlackTeamCountry "FRA"]

1. e4 c5 2. Nf3 d6 3. d4 cxd4 4. Nxd4 Nf6 5. Nc3 a6 6. Bc4 e6 7. Bb3 Nbd7 8. f4 Nc5 9. e5 dxe5 10. fxe5 Nfd7 11. Bf4 g6 12. Qe2 Bg7 13. h4 Qc7 14. 0-0-0 Bxe5 15. Bxe5 Qxe5 16. Qf3 Qf6 17. h5 Qxf3 18. Nxf3 Nxb3+ 19. axb3 gxh5 20. Rxh5 Ke7 21. Rh6 b6 22. Ng5 Bb7 23. Nxf7 Rhf8 24. Nd6 Bxg2 25. Rxh7+ Kd8 26. Nc4 Ra7 27. Ne5 1-0

[Event "St Chely d'Aubrac op 4th"]
[Site "St Chely d'Aubrac"]
[Date "2004.07.23"]
[Round "8"]
[White "Riff, Jean Noel"]
[Black "Milanovic, Dino"]
[Result "1-0"]
[WhiteElo "2401"]
[BlackElo "2149"]
[PlyCount "49"]
[EventDate "2004.07.17"]
[EventType "swiss"]
[EventRounds "9"]
[EventCountry "FRA"]
[SourceTitle "CBM 101 Extra"]
[Source "ChessBase"]
[SourceDate "2004.09.01"]
[SourceVersion "2"]
[SourceVersionDate "2004.09.01"]
[SourceQuality "1"]

1. e4 c5 2. Nf3 d6 3. Nc3 Nf6 4. d4 cxd4 5. Nxd4 a6 6. Be2 e6 7. 0-0 Nbd7 8. f4 Qc7 9. Bf3 h5 10. Be3 Be7 11. Kh1 Rb8 12. a4 b6 13. e5 dxe5 14. Nc6 Bb7 15. Nxb8 Qxb8 16. Bxb7 Qxb7 17. Qf3 Qxf3 18. gxf3 exf4 19. Bxf4 Bb4 20. Na2 Bc5 21. b4 Bd4 22. Rad1 Be5 23. Bxe5 Nxe5 24. Rd6 Nd5 25. Rxd5 1-0

[Event "St Chely d'Aubrac op 4th"]
[Site "St Chely d'Aubrac"]
[Date "2004.07.19"]
[Round "4"]
[White "Milanovic, Dino"]
[Black "Corke, Anya Sun"]
[Result "1-0"]
[WhiteElo "2149"]
[BlackElo "2042"]
[PlyCount "131"]
[EventDate "2004.07.17"]
[EventType "swiss"]
[EventRounds "9"]
[EventCountry "FRA"]
[SourceTitle "CBM 101 Extra"]
[Source "ChessBase"]
[SourceDate "2004.09.01"]
[SourceVersion "2"]
[SourceVersionDate "2004.09.01"]
[SourceQuality "1"]

1. e4 c5 2. Nf3 Nc6 3. d4 cxd4 4. Nxd4 Qc7 5. Nc3 e6 6. Be3 a6 7. Be2 Nf6 8. 0-0 Bb4 9. Na4 0-0 10. Nxc6 bxc6 11. Nb6 Rb8 12. Nxc8 Rfxc8 13. Bxa6 Rf8 14. Bd3 Bd6 15. f4 e5 16. f5 Rxb2 17. g4 Rb4 18. Qf3 Re8 19. g5 Nd5 20. g6 Nf6 21. gxf7+ Kxf7 22. Rf2 Be7 23. c3 Ra4 24. Bc2 Ra5 25. Bb3+ d5 26. Rd2 Rd8 27. Bg5 Nxe4 28. Qxe4 Bxg5 29. Rg2 Bf6 30. Qg4 Rb8 31. Rd1 Rc5 32. c4 d4 33. Kh1 Kg8 34. Rdg1 Qe7 35. Qe4 Rd8 36. Bc2 Kh8 37. Bd3 Rb8 38. h4 Qd7 39. h5 h6 40. Rg6 Ra5 41. Qg2 Raa8 42. Be4 Rc8 43. Rxf6 gxf6 44. Qg6 Rf8 45. Qxh6+ Qh7 46. Qg6 Rxa2 47. h6 Ra7 48. Bxc6 d3 49. Bd5 d2 50. Rd1 Ra3 51. Rxd2 Rh3+ 52. Rh2 Rd3 53. Rg2 Rh3+ 54. Rh2 Rxh2+ 55. Kxh2 Qe7 56. Kg3 Rc8 57. Bf7 Qf8 58. Qxf6+ Kh7 59. Bg6+ Kxh6 60. Bf7+ Kh7 61. Qg6+ Kh8 62. f6 Qg8 63. Bxg8 Rxg8 64. Qxg8+ Kxg8 65. c5 Kf7 66. c6 1-0

[Event "St Chely d'Aubrac op 4th"]
[Site "St Chely d'Aubrac"]
[Date "2004.07.19"]
[Round "3"]
[White "Sivan, Michel"]
[Black "Milanovic, Dino"]
[Result "0-1"]
[WhiteElo "1984"]
[BlackElo "2149"]
[PlyCount "90"]
[EventDate "2004.07.17"]
[EventType "swiss"]
[EventRounds "9"]
[EventCountry "FRA"]
[SourceTitle "CBM 101 Extra"]
[Source "ChessBase"]
[SourceDate "2004.09.01"]
[SourceVersion "2"]
[SourceVersionDate "2004.09.01"]
[SourceQuality "1"]

1. e4 c5 2. Nc3 Nc6 3. Nf3 g6 4. d4 cxd4 5. Nxd4 Bg7 6. Be3 Nf6 7. Qd2 Ng4 8. Nxc6 bxc6 9. Bd4 Bxd4 10. Qxd4 e5 11. Qc5 Qb6 12. Na4 Qxc5 13. Nxc5 d6 14. Nd3 f5 15. exf5 gxf5 16. h3 Nf6 17. f3 Nh5 18. g4 Ng3 19. Rg1 Nxf1 20. Rxf1 f4 21. 0-0-0 Ba6 22. Rfe1 Bxd3 23. Rxd3 Ke7 24. h4 Ke6 25. c4 Rhc8 26. Kd2 a5 27. Rb3 Rcb8 28. Kc3 Rxb3+ 29. axb3 d5 30. Ra1 Kd6 31. Re1 Re8 32. Kd3 Re7 33. Re2 Kc5 34. cxd5 cxd5 35. Rc2+ Kd6 36. Re2 Rb7 37. Kc3 Rb4 38. g5 e4 39. h5 Ke5 40. g6 hxg6 41. hxg6 Kf6 42. Rd2 d4+ 43. Kc2 exf3 44. Rf2 Kxg6 45. Rxf3 Kf5 0-1

[Event "Paris Apsap op 71st"]
[Site "Paris"]
[Date "2004.04.23"]
[Round "7"]
[White "Milanovic, Dino"]
[Black "Troubat, Nicolas"]
[Result "1-0"]
[WhiteElo "2120"]
[BlackElo "1960"]
[PlyCount "51"]
[EventDate "2004.04.19"]
[EventType "swiss"]
[EventRounds "7"]
[EventCountry "FRA"]
[SourceTitle "CBM 100 Extra"]
[Source "ChessBase"]
[SourceDate "2004.07.06"]
[SourceVersion "2"]
[SourceVersionDate "2004.07.06"]
[SourceQuality "1"]

1. e4 d6 2. d4 Nf6 3. Nc3 g6 4. Bc4 Bg7 5. Qe2 Nc6 6. e5 Nxd4 7. exf6 Nxe2 8. fxg7 Rg8 9. Ngxe2 Rxg7 10. Bh6 Rg8 11. 0-0-0 c6 12. Rhe1 e6 13. Ne4 Qh4 14. Nxd6+ Ke7 15. Be3 b6 16. g3 Qf6 17. Ne4 Qe5 18. Bg5+ f6 19. Bxf6+ Qxf6 20. Nxf6 Kxf6 21. Nf4 Re8 22. Nxe6 Rxe6 23. Bxe6 Bxe6 24. Rd6 Re8 25. Rxc6 Re7 26. Rcxe6+ 1-0

[Event "Paris Apsap op 71st"]
[Site "Paris"]
[Date "2004.04.22"]
[Round "5"]
[White "Milanovic, Dino"]
[Black "Montheard, Xavier"]
[Result "0-1"]
[WhiteElo "2120"]
[BlackElo "2271"]
[PlyCount "108"]
[EventDate "2004.04.19"]
[EventType "swiss"]
[EventRounds "7"]
[EventCountry "FRA"]
[SourceTitle "CBM 100 Extra"]
[Source "ChessBase"]
[SourceDate "2004.07.06"]
[SourceVersion "2"]
[SourceVersionDate "2004.07.06"]
[SourceQuality "1"]

1. e4 c5 2. Nf3 d6 3. d4 cxd4 4. Nxd4 Nf6 5. Nc3 g6 6. Be3 Bg7 7. f3 0-0 8. Qd2 Nc6 9. 0-0-0 Bd7 10. Kb1 Rc8 11. g4 Ne5 12. h4 Qa5 13. Nd5 Qxd2 14. Nxe7+ Kh8 15. Rxd2 Rce8 16. g5 Nxf3 17. Nxf3 Nxe4 18. Nd5 Nxd2+ 19. Bxd2 Bg4 20. Nh2 Bf5 21. Ne3 Be4 22. Rg1 h5 23. Bd3 d5 24. Bxe4 Rxe4 25. Nf3 Rd8 26. c3 Kg8 27. Nc2 Re2 28. Be3 b6 29. Bd4 Rde8 30. Bxg7 Kxg7 31. Ncd4 Rf2 32. Kc1 Re3 33. Rg3 Rd3 34. Rh3 Kf8 35. Rg3 Re3 36. Rh3 Ke7 37. Rg3 a6 38. a3 Kd6 39. Kb1 Rd3 40. Kc1 Re3 41. Kb1 Kc5 42. Kc1 Kc4 43. Nb3 Kd3 44. Ne5+ Ke4 45. Rxe3+ Kxe3 46. Nd4 Rf4 47. Ndc6 Rxh4 48. Nxf7 Rg4 49. Ne7 Rg1+ 50. Kc2 h4 51. Nxd5+ Ke4 52. Nf6+ Kf5 53. Nd5 h3 54. Ne3+ Ke4 0-1

[Event "Syre Memorial op 26th"]
[Site "Issy les Moulineaux"]
[Date "2003.05.31"]
[Round "3.18"]
[White "Milanovic, Dino"]
[Black "Geffroy, Laurent"]
[Result "1-0"]
[WhiteElo "2083"]
[BlackElo "2251"]
[PlyCount "89"]
[EventDate "2003.05.29"]
[EventType "swiss"]
[EventRounds "6"]
[EventCountry "FRA"]
[SourceTitle "CBM 094 Extra"]
[Source "ChessBase"]
[SourceDate "2003.07.09"]
[SourceVersion "2"]
[SourceVersionDate "2003.07.09"]
[SourceQuality "1"]

1. e4 e6 2. d4 d5 3. Nc3 Nf6 4. e5 Nfd7 5. Nf3 c5 6. dxc5 Nc6 7. Bd3 Ndxe5 8. Nxe5 Nxe5 9. Bb5+ Bd7 10. Qe2 Nc6 11. Be3 d4 12. Bxc6 Bxc6 13. 0-0-0 Bxc5 14. Qg4 Qf6 15. Bxd4 Bxd4 16. Qxd4 Qxd4 17. Rxd4 Ke7 18. Rhd1 g5 19. g3 f5 20. b4 a6 21. a4 g4 22. Kb2 h5 23. b5 axb5 24. axb5 Bf3 25. Rd7+ Kf6 26. R1d2 h4 27. R7d4 hxg3 28. hxg3 Rh1 29. Na4 Rf1 30. Nc5 Rc8 31. Nd7+ Ke7 32. c4 Rc7 33. Kc3 Rb1 34. Nb6 Kf6 35. Rb2 Rxb2 36. Kxb2 e5 37. Rd6+ Kf7 38. Kc3 Be2 39. Rh6 Re7 40. Nd5 Re6 41. Rh7+ Kg6 42. Rxb7 Bf3 43. Rd7 Kg5 44. c5 f4 45. c6 1-0

[Event "Paris Apsap op 50th"]
[Site "Paris"]
[Date "2002.??.??"]
[Round "1"]
[White "Milanovic, Dino"]
[Black "Stroppa, Daniel"]
[Result "1/2-1/2"]
[WhiteElo "2023"]
[BlackElo "2199"]
[PlyCount "82"]
[EventDate "2002.02.21"]
[EventType "swiss"]
[EventRounds "9"]
[EventCountry "FRA"]
[SourceTitle "EXT 2003"]
[Source "ChessBase"]
[SourceDate "2002.11.25"]
[SourceVersion "1"]
[SourceVersionDate "2002.11.25"]
[SourceQuality "1"]

1. e4 g6 2. d4 Bg7 3. c4 d6 4. Nc3 Nf6 5. f3 0-0 6. Be3 c6 7. Qd2 Nbd7 8. Nge2 a6 9. g4 e5 10. d5 cxd5 11. cxd5 h5 12. Ng3 hxg4 13. h4 gxf3 14. h5 Ng4 15. 0-0-0 Nxe3 16. Qxe3 Qf6 17. h6 Qf4 18. Qxf4 exf4 19. hxg7 Kxg7 20. Nf5+ gxf5 21. exf5 Ne5 22. Rg1+ Kf6 23. Ne4+ Ke7 24. f6+ Kd8 25. Nxd6 Bg4 26. Nxb7+ Kc7 27. Na5 f2 28. Rxg4 Nxg4 29. d6+ Kb6 30. Nc4+ Kc5 31. b4+ Kxb4 32. Rd4 Kc5 33. Rxf4 Nh2 34. Rf5+ Kd4 35. Rf4+ Kc3 36. Ne5 Rac8 37. d7 Rc7 38. Nxf7 Nxf1 39. d8Q Rxd8 40. Nxd8 Kd3+ 41. Kb2 Ne3 1/2-1/2